| 000 | 01395nam1a2200289 i 4500 | ||
|---|---|---|---|
| 001 | RU\NLR\bibl\126003 | ||
| 005 | 20241214021135.0 | ||
| 035 | _a(NLR Aleph) 000123423 | ||
| 090 |
_a703398 _c703398 |
||
| 100 | _a20010103g20009999u y0rusy50 ca | ||
| 101 | 0 | _arus | |
| 102 | _aRU | ||
| 105 | _aa ||||||||| | ||
| 200 | 1 |
_aРоль инноваций в экономике Уральского региона _eМатериалы второй регион. конф., Екатеринбург, 20-21 апр. 2000 г. _e[Сб. тез. к докл. _eВ 2 ч. _fРедкол.: в.н.с., к.т.н. Г.Б. Лехова и др.] |
|
| 210 |
_aЕкатеринбург _cИзд-во АМБ _d2000 |
||
| 215 | _d20 | ||
| 300 | _aВ надзаг.: Правительство Свердл. обл., Ур. гос. техн. ун-т, Фонд Ур., Учеб.-науч. центр инновац. бизнеса | ||
| 463 | 0 | _1001119277 | |
| 463 | 0 | _1001119278 | |
| 606 | 0 |
_aИнновации _jСъезды, совещания и т.п. _yУральский экономический район _92188362 _3RU\NLR\auth\661315625 |
|
| 686 | _aУ9(2)-55(2Р36)я431 | ||
| 702 | 1 |
_aЛехова _bГ. Б. _4340 |
|
| 801 | 0 |
_aRU _bNLR _c20010103 _gPSBO |
|
| 801 | 1 |
_aRU _bNLR _c20010103 |
|
| 852 |
_aNLR _j2000-3/16389 |
||
| 942 | _cBOOK | ||